000 03565nam a22001937a 4500
003 IT-RoPau
005 20220918175935.0
008 121116b xxu||||| |||| 00| 0 eng d
040 _cIT-RoPau
100 _aAlberione Giacomo
_qFondatore Famiglia Paolina
_919
245 _aMeditazioni del Primo Maestro alle Figlie di San Paolo.
_b Tomo 2 Alba 1933
250 _a1
260 _aAlba
_bFSP
_c?1960?
300 _a156 p.
_c29,5 cm
490 _aTomo 2
_vTomo2
500 _aCome nel volume precedente
520 _aIndice San Giuseppe pag. 1 La Sacra Famiglia " 3 Ora di Adorazione " 6 La Sacra Bibbia e la Teologia " 11 Il Catechismo " 14 Nostra Signora di Lourdes " 16 Come leggere la Sacra Scrittura " 19 La virtù dell' obbedienza " 23 L'uso della Sacra Scrittura per le Figlie di San paolo " 27 La mortificazione " 29 I Cooperatori " 31 Fare il posto alle grazie di Dio " 33 Introduzione al mese di maggio " 37 Umiltà e fiducia " 38 Maria nella nostra vita " 39 Vespro della Regina degli Apostoli " 42 Primo Venerdì " 44 Vespro della festa di Pentecoste " 46 La Santissima Trinità " 49 Corpus Domini " 53 Ora di Adorazione sul Paradiso " 59 Premio di coloro che seguono Gesù Cristo " 63 Festa di San Paolo " 68 Ora di Adorazione " 72 Ora di Adorazione sul Paradiso " 77 L' Eucarestia e il Beato Ejmard " 84 Zelo degli Apostoli-Fortezza dei Martiri-virtù dei conf. " 88 I Santi " 93 Le Missioni " 96 In preparazione alla morte " 100 Le vocazioni " 102 Il nome di Maria " 105 Gesù modello dei moribondi " 109 Gli Angeli " 112 La morte " 115 Mezzi per prepararci alla morte " 120 Il Paradiso è gaudio " 124 Piccole notizie " 129 Il valore degli Esercizi Spirituali " 130 La presentazione dell' anima " 132 Brevi lezioni sulla Sacra Bibbia " 138
942 _2ddc
_cBK
999 _c37521
_d37521